| 000 | 03061 a2200313 4500 | ||
|---|---|---|---|
| 003 | BJBSDDR | ||
| 005 | 20250512133248.0 | ||
| 007 | ta | ||
| 008 | 050623s2021 nyu||||| |||| 00| 0 eng d | ||
| 020 | _a9781501125546 | ||
| 020 | _a1501125540 | ||
| 040 |
_beng _cBJBSDDR |
||
| 041 | _aeng | ||
| 050 | 1 | 4 |
_a002 E 873 _bC323A 2021 |
| 100 | 1 |
_aAlter, Jonathan H., _d1957- _930251 |
|
| 245 | 1 | 0 |
_aHis very best : _bJimmy Carter, a life / _cJonathan Alter |
| 246 | 3 | _aJimmy Carter, a life | |
| 250 | _aFirst Simon & Schuster paperback edition | ||
| 260 |
_aNew York : _bSimon & Schuster, _c2021 |
||
| 300 |
_axv, 782 pages, 16 unnumbered pages of plates : _billustrations (some color) ; _c24 cm |
||
| 504 | _aIncludes bibliographical references and index. | ||
| 505 | 0 | _a|t Prologue : June 1979 -- |t Part one. Sources of strength: Daddy and hot ; |t The Carters and the Gordys ; |t Miss Julia ; |t Annapolis ; |t Rosalynn ; |t The Rickover way -- |t Part two. Georgia on his mind: The joiner ; |t "There's nothing I can do" ; |t Senator Carter ; |t The greasy pole ; |t Born again ; |t The code word campaign ; |t "He said whaaat?" ; |t Jungle Jimmy -- |t Part three. Dark horse: Jimmy who? ; |t The long march ; |t Front-runner ; |t Grits and Fritz ; |t "Lust in my heart" -- |t Part four. Outsider president: "Let's go!" ; |t The moral equivalent of war ; |t The steel magnolia ; |t His inner engineer ; |t "Bert, I'm proud of you" -- |t Part five. Peacemaker: Human rights ; |t Panama Canal squeaker ; |t Camp David ; |t Recognizing China -- |t Part six. Swamped: The fall of the Shah ; |t The "malaise" speech ; |t Touching bottom ; |t Ready for Teddy? ; America held hostage ; |t Reheating the Cold War ; |t Disaster at Desert One ; |t Are you better off? ; |t Inaugural drama -- |t Part seven. Global citizen: Exile ; |t The Carter Center ; |t Freelance Secretary of State ; |t Sunday school teacher. | |
| 520 | _a“Drawing on fresh archival material and extensive access to Carter and his family, New York Times bestselling author Jonathan Alter tells the epic story of a man of faith and his improbable journey from barefoot boy in the vicious Jim Crow South to global icon. We learn how Carter evolved from a timid child into an ambitious naval nuclear engineer and an indefatigable born-again governor; how as a president he failed politically amid the bad economy of the 1970s and the seizure of hostages in Iran but succeeded in engineering peace between Israel and Egypt, amassing a historic environmental record, moving the government from tokenism to diversity, setting a new global standard for human rights, and normalizing relations with China, among dozens of other unheralded achievements. After leaving office, Carter revolutionized the postpresidency with the bold global accomplishments of the Carter center” | ||
| 600 | 1 | 0 |
_aCarter, Jimmy, _d1924-2024 _913833 |
| 650 | 4 |
_aPresidentes _zEstados Unidos _vBiografías _91537 |
|
| 651 | 4 |
_aEstados Unidos _xPolítica y gobierno _92191 |
|
| 942 |
_2lcc _cBK |
||
| 946 | _idpf | ||
| 999 |
_c119664 _d119664 |
||